• 首页
  • 本馆介绍
  • 公告通知
  • 最新文献
  • 馆藏检索
  • 电子资源
  • 读者导购
  • 参考咨询
  • 我的图书馆
  • 登录
  • 详细信息显示
  • 放入我的书架
  • 预约/预借图书
  • 作者相关作品
  • 分类相关作品
  • 丛书相关作品
  • 出版社相关作品

书目信息

  • 表格格式
  • 工作单格式
  • 卡片格式
题名:
将帅论
    
 
作者: 赵一平 著
分册:  
出版信息: 长春   吉林人民出版社  2005
页数: 442页
开本: 20cm
丛书名:
单 册:
中图分类: E07
科图分类:
主题词: 元帅--军事思想--研究--世界 , 将军--军事思想--研究--世界 , 元帅 , 将军 , 军事管理学
电子资源:
ISBN: 7-206-02781-4
000 00808nam0 2200289 45
001 012005200187
005 20070109093842.23
010    @a7-206-02781-4@dCNY35.00
092    @aCN@b471312
100    @a20051017d2005 em y0chiy0121 ea
101 0  @achi
102    @aCN@b220000
105    @ay z 000yy
200 1  @a将帅论@9jiang shuai lun@f赵一平著
205    @a2版
210    @a长春@c吉林人民出版社@d2005
215    @a442页@d20cm
330    @a主要内容:兵家论将、德才兼备、用其长尽其才、运筹帷幄、以治为胜、授命与国而忘其身等。
606 0  @a元帅@x军事思想@x研究@y世界
606 0  @a将军@x军事思想@x研究@y世界
606 0  @a元帅
606 0  @a将军
606 0  @a军事管理学
690    @aE07@v4
701  0 @a赵一平@9zhao yi ping@4著
801  0 @aCN@bLZJBOOK@c20070109
905    @a10447@dE07@e16
    
    将帅论/赵一平著.-2版.-长春:吉林人民出版社,2005
    442页;20cm
    
    
    ISBN 7-206-02781-4:CNY35.00
    主要内容:兵家论将、德才兼备、用其长尽其才、运筹帷幄、以治为胜、授命与国而忘其身等。
●
相关链接 在E读中查询图书 在五车中查询图书 在当当中查询图书 在豆瓣中查询图书


正题名:将帅论     索取号:E07/16         预约/预借

序号 登录号 条形码 馆藏地/架位号 状态 备注
1 0565980   205659802   第一样本阅览室/ [索取号:E07/16] 在馆    
2 0565981   205659811   密集书库/ [索取号:E07/16] 在馆    
3 0565982   205659820   密集书库/ [索取号:E07/16] 在馆    
4 0565983   205659839   第一借阅区/ [索取号:E07/16] 在馆    
5 0565984   205659848   第一借阅区/ [索取号:E07/16] 在馆    
6 0565985   205659857   密集书库/ [索取号:E07/16] 在馆    
7 0565986   205659866   第一借阅区/ [索取号:E07/16] 在馆    
8 0565987   205659875   第一借阅区/ [索取号:E07/16] 在馆    
唐山师范学院图书馆 欢迎您!
大连网信软件有限公司© 版权所有